Catálogo

Signos y figuraciones de una época : (Registro nro. 25105)

Detalles MARC
000 -LEADER
fixed length control field 01051cam a2200301 i 4500
001 - CONTROL NUMBER
control field 25105
003 - CONTROL NUMBER IDENTIFIER
control field Mx-PuUPA
005 - DATE AND TIME OF LATEST TRANSACTION
control field 20240417123016.0
008 - FIXED-LENGTH DATA ELEMENTS--GENERAL INFORMATION
fixed length control field 140415s2004 mx gr 000 e spa d
017 ## - COPYRIGHT OR LEGAL DEPOSIT NUMBER
Copyright or legal deposit number 4-1-990-04
020 ## - INTERNATIONAL STANDARD BOOK NUMBER
International Standard Book Number 999057569X
040 ## - CATALOGING SOURCE
Transcribing agency Mx-PuUPA
Original cataloging agency Mx-PuUPA
Language of cataloging spa
Modifying agency Mx-PuUPA
Description conventions rda
041 0# - LANGUAGE CODE
Language code of text/sound track or separate title spa
100 1# - MAIN ENTRY--PERSONAL NAME
Personal name Miranda Pacheco, Mario,
Dates associated with a name 1925-
9 (RLIN) 15531
Relator term autor
245 10 - TITLE STATEMENT
Title Signos y figuraciones de una época :
Remainder of title antología de ensayos heterogéneos /
Statement of responsibility, etc. Mario Miranda Pacheco
250 ## - EDITION STATEMENT
Edition statement Primera edición /
Remainder of edition statement marzo
264 #1 - PRODUCTION, PUBLICATION, DISTRIBUTION, MANUFACTURE, AND COPYRIGHT NOTICE
Place of production, publication, distribution, manufacture México, D.F :
Name of producer, publisher, distributor, manufacturer Plural Editores,
Date of production, publication, distribution, manufacture, or copyright notice 2004
300 ## - PHYSICAL DESCRIPTION
Extent 354 páginas ;
Dimensions 22 cm
336 ## - CONTENT TYPE
Fuente rdacontent
Content type term texto
Content type code txt
337 ## - MEDIA TYPE
Source rdamedia
Media type term sin medio
Media type code n
338 ## - CARRIER TYPE
Source rdacarrier
Carrier type term volumen
Carrier type code nc
651 #4 - SUBJECT ADDED ENTRY--GEOGRAPHIC NAME
Geographic name América Latina
General subdivision Historia
-- Estudio y enseñanza
Geographic subdivision Bolivia
651 #4 - SUBJECT ADDED ENTRY--GEOGRAPHIC NAME
Geographic name Bolivia
General subdivision Historia
Chronological subdivision Siglo XIX
700 ## - ADDED ENTRY--PERSONAL NAME
Personal name
Relator term
942 ## - ADDED ENTRY ELEMENTS (KOHA)
Source of classification or shelving scheme Dewey Decimal Classification
Koha item type Libro
Classification part 984.04
Item part M675
Existencias
Withdrawn status Lost status Source of classification or shelving scheme Damaged status Not for loan Collection code Home library Current library Shelving location Date acquired Source of acquisition Total Checkouts Full call number Barcode Date last seen Price effective from Koha item type
    Dewey Decimal Classification     General Biblioteca Karol Wojtyla Biblioteca Karol Wojtyla Sala general 03/12/2013 Donación   984.04 M675 2004 46832 05/01/2026 03/12/2013 Libro